Регионална библиотека "Любен Каравелов" - Русе

Татко, дядо и аз (Запис номер 142972)

MARC детайли
000 -Лидер
Контролно поле с фиксирана дължина nam a22 a 4500
003 - Код на организацията, давaща контролен номер
Контролно поле BLK
005 - Дата и час на последна редакция
Контролно поле 20230119173853.0
008 - Елементи от данни с фиксирана дължина
fixed length control field 180409b bul|||||r ||||||| ||bul||
010 ## - Наследен системен номер
LC control number KNG00149075000
040 ## - Източник на каталожния запис
Идентификатор на билиотеката - собственик на записа BLK
041 ## - Код за език
Код за езика на текст/звукозапис или на отделно заглавие Български
Код за езика КДБФ Български
080 ## - УДК
Текстов определител УДК Българска литература
УДК код - определител по УДК 821.163.2
УДК определител -93-32
УДК - код + определител 821.163.2-93-32
100 1# - Редна дума - Автор
Автор Цончев, Дончо Стефанов
Авторска отговорност първи автор
R(LIN) 367144
139 ## - Редно поле
Редна дума Цончев, Дончо Стефанов
Авторски знак Цонч - Ц 85
245 10 - Сведения за заглавието
Заглавие Татко, дядо и аз
Подзаглавни данни Разкази : За средна училищна възраст
Редно поле (дума) Дончо Стефанов Цончев; худож. Димитър Войнов.
257 ## - Страна на издаване
Страна на създаване/издаване България
260 ## - Област на издателските данни
Място на издаване, разпространение и проч. София
Име на издателя, разпространителя и проч. Нар. младеж
Година на издаване 1977
300 ## - Физическа характеристика
Страници 88 с.
Илюстрации и др. с ил.
Размери/Мащаб 22 см
380 ## - Жанр
Жанр Детска худож. лит.
500 ## - Общи забележки
Забележка 15 137 тир.
700 1# - Други автори (авторска отговорност)
Лично име Войнов, Димитър
Автороска отговорност (Описва отношението между автора и произведението) худож.
9 (RLIN) 376895
852 ## - Местоположение
Форматна сигнатура Цб 262525
856 4# - Електронен адрес и достъп
Електронен формат pdf - файл
Инструкция (цена за достъп) 0.37
Права за достъп disable
856 4# - Електронен адрес и достъп
Електронен формат pdf - файл
Инструкция (цена за достъп) 0.37
Права за достъп disable
999 ## - СИСТЕМНИ КОНТРОЛНИ НОМЕРА
Koha biblionumber 142972
Koha biblioitemnumber 142972
942 ## - АРТИКУЛИ
Вид на библиотечния материал Книги
Скрит в OPAC Не
Периодичен библиозапис Да
944 ## - СЪЗДАВАНЕ И РЕДАКЦИЯ на ЗАПИСА
Създаване/Редакция Създаване
Дата на регистрацията/редакция 08.08.2013
Статус, дата на статуса 08.08.2013 - от С1,Р / 08.08.2013
Служител, извършил регистрацията/редакцията Серджан_Ахмедов
944 ## - СЪЗДАВАНЕ И РЕДАКЦИЯ на ЗАПИСА
Създаване/Редакция Редакция
Дата на регистрацията/редакция 15.09.2017
Статус, дата на статуса 08.08.2013 - от С1,Р / 08.08.2013
Служител, извършил регистрацията/редакцията Христина_Везирева
999 ## - СИСТЕМНИ КОНТРОЛНИ НОМЕРА
Koha biblioitemnumber 142972
Наличности
Код за отписване Код за изгубен артикул Източник на класификационната схема Код за повреда Коз за рестрикции Код за отдаване Артикулен № Име на библиотеката - собственик Име на библиотеката, в която се намира в момента Статус (Текущо местоположение) Дата на вписване в системата Местоположение - отдел Цена в лева Инвентарен номер Систематично азбучна сигнатура Баркод Номер на екземпляра Цена в евро Служебна бележка Служебен тип на артикула Бележка за публиката
  Не е изгубен Universal Decimal Classification Не е повреден без рестрикции ползва се в читалня 236991 Регионална библиотека "Любен Каравелов" Русе Регионална библиотека "Любен Каравелов" Русе Хранилище 1977-01-01 Хранилище 0.37 230374 Цб 262525 120000230374 1 0.19 Вид: СФ N: стар фонд Дата: 01.01.1977 Книги  
Изтеглен Не е изгубен   Не е повреден без рестрикции заемане за дома 236992 Регионална библиотека "Любен Каравелов" Русе Регионална библиотека "Любен Каравелов" Русе   1977-01-01 Детски отдел 0.37 231435 ДХ 886.7/Ц 85 231435 2 0.19 Вид: СФ N: стар фонд Дата: 01.01.1977 Дата инв: 07.10.2015 Бележки инв: Д2015 Книги Отч.N: 32/2017 , Дата: 04.09.2017
Изтеглен Не е изгубен   Не е повреден без рестрикции заемане за дома 236993 Регионална библиотека "Любен Каравелов" Русе Регионална библиотека "Любен Каравелов" Русе   1977-01-01 Детски отдел 0.37 231436 ДХ 886.7/Ц 85 231436 3 0.19 Вид: СФ N: стар фонд Дата: 01.01.1977 Дата инв: 07.10.2015 Бележки инв: Д2015 Книги Отч.N: 27/2017 , Дата: 16.08.2017
Vip Innovations Ltd, Rousse, Bulgaria 2025